000 00700nam a2200241 i 4500
001 18913
003 ES-MaACL
005 20260307063014.0
007 t|
008 020410s2001 sp ||||1| spa d
020 _a84-931725-6-1
080 _a821.133.1-31"18"
100 _aMusset, Alfred de,
_d1810-1857
_9223345
245 1 3 _aEl hijo de Tiziano /
_cAlfred de Musset ; traducción de Marta Ranch.
250 _a1ª ed.
260 _aBarcelona :
_bLittera,
_c2001.
300 _a205 p. :
_bil. ;
_c22 cm.
490 1 _aClásicos ;
_v2
700 1 _aRanch, Marta.
_995395
830 0 _aClásicos ;
_v2
_9177532
852 _aES-MaACL
_jL-25402
_bR.130782
999 _c18913
_d18913